Đờn ca tài tử sân khấu cải lương Cần Thơ

Quyển sách viết về quá trình hình thành và phát triển của đờn ca tài tử trên vùng đất Cần Thơ

Zapisane w:
Opis bibliograficzny
1. autor: Thái, Ngọc Anh
Format: Książka
Język:Undetermined
Wydane: Cần Thơ Nxb. Đại học Cần Thơ 2014
Hasła przedmiotowe:
Etykiety: Dodaj etykietę
Nie ma etykietki, Dołącz pierwszą etykiete!
Thư viện lưu trữ: Trung tâm Học liệu Trường Đại học Cần Thơ
LEADER 00866nam a2200217Ia 4500
001 CTU_211031
008 210402s9999 xx 000 0 und d
082 |a 781.629592 
082 |b A107 
100 |a Thái, Ngọc Anh 
245 0 |a Đờn ca tài tử sân khấu cải lương Cần Thơ 
245 0 |c Thái Ngọc Anh 
260 |a Cần Thơ 
260 |b Nxb. Đại học Cần Thơ 
260 |c 2014 
520 |a Quyển sách viết về quá trình hình thành và phát triển của đờn ca tài tử trên vùng đất Cần Thơ 
650 |a Âm nhạc dân gian,Folk music 
650 |x Lịch sử và phê bình,History and criticism 
650 |z Việt Nam,Vietnam 
904 |i Trương Thị Kiều Trinh,Hải 
980 |a Trung tâm Học liệu Trường Đại học Cần Thơ